[Event "Moscow Aeroflot op-A"]
[Site "Moscow"]
[Date "2004.02.20"]
[Round "4"]
[White "Spraggett, Kevin"]
[Black "Vescovi, Giovanni P"]
[Result "1-0"]
[WhiteElo "2536"]
[BlackElo "2633"]
[Annotator "Wedberg,T"]
[PlyCount "73"]
[EventDate "2004.02.17"]
[EventType "swiss"]
[EventRounds "9"]
[EventCountry "RUS"]
[SourceTitle "CBM 100"]
[Source "ChessBase"]
[SourceDate "2004.06.01"]
[SourceVersion "1"]
[SourceVersionDate "2004.06.01"]
[SourceQuality "1"]

1. e4 e5 2. Nf3 Nc6 3. Bb5 a6 4. Ba4 Nf6 5. O-O Be7 6. Re1 b5 7. Bb3 d6 8. c3
O-O 9. h3 Bb7 10. d4 Re8 11. Nbd2 Bf8 12. Bc2 {The B moves back to let the P:s
forward in the centre. The aim is to put P:s on d5, c4 and b3 creating a
strong central wedge.} (12. a4 {leads to the sharpest lines of the Zaitzev
variation.} h6 13. Bc2 exd4 14. cxd4 Nb4 15. Bb1 c5 16. d5 Nd7 17. Ra3 {
and so on.}) 12... g6 13. d5 Nb8 14. c4 c6 15. b3 Qc7 16. Nf1 Nbd7 17. Bd2 {
White has tried several moves at this point. But its not a critical choice.
Since this is a fairly closed position manouvering will be the order of the
day for quite some time. With the B on d2 White can sometimes play Ba5 or if
Black plays a5 the P has to be defended. Another point of the move is to keep
e3 free for the N which can sometimes hop to d5 after an exchange on c6.} (17.
Be3) (17. Ng3) (17. Bg5) 17... Rec8 18. Rc1 bxc4 19. bxc4 Nc5 (19... a5 20. Bb1
Ba6 21. Ne3 cxd5 22. cxd5 Nc5 23. Nc4 Bb5 24. Bg5 Bg7 25. Nfd2 h6 26. Be3 Nfd7
27. Qf3 $14 {1-0 Ermenkov,E-Shvidler,E/Biel 1989/EXT 97 (47)}) 20. N3h2 h5 21.
Qf3 Be7 22. Qa3 {[%cal Yd2a5]} a5 23. Bb1 cxd5 (23... Nfd7) 24. exd5 $5 ({
The automatic response is} 24. cxd5 {but taking with the e-P opens new vistas
for the white-squared B - White is going for an attack from now on.}) 24... Re8
(24... Rf8 $5 {adding support to a later f5.}) 25. Nf3 Nh7 $6 {Too passive I
believe. Black must not let the placement of his minor pieces deteriorate.
Especially since he already has a problem piece on b7.} (25... Nfd7) 26. Be3
Nd7 27. Ng3 f5 $2 {Inviting disaster.} 28. Bxf5 $1 {[%mdl 640] Natural and in
practise impossible to refute.} gxf5 29. Nxf5 {For a very slight investment
White has gained access to Blacks royal court.} Bf8 30. N3h4 Bc8 31. Bb6 $1 {
A touch of brilliancy.} ({But the simple} 31. Bd2 $1 {[%cal Ya3g3] won just as
easily.}) 31... Nxb6 32. Qg3+ Qg7 (32... Ng5 33. Qxg5+ Bg7 34. Nh6+ Kh8 35.
Qxh5 $18) (32... Bg7 33. Nh6+ Kh8 34. Ng6#) 33. Nh6+ $1 Kh8 34. Ng6+ Qxg6 35.
Qxg6 Bxh6 36. Qxe8+ Bf8 37. Qc6 (37. Qc6 Rb8 38. Rb1 $18) 1-0

[Event "Elenite"]
[Site "Elenite"]
[Date "1993.??.??"]
[Round "1"]
[White "Dimitrov, Vladimir"]
[Black "Nikolic, Predrag"]
[Result "1/2-1/2"]
[WhiteElo "2525"]
[BlackElo "2625"]
[Annotator "Wolff,P"]
[PlyCount "82"]
[EventDate "1993.??.??"]
[EventType "tourn"]
[EventRounds "11"]
[EventCountry "BUL"]
[EventCategory "14"]
[SourceTitle "CBM 038"]
[Source "ChessBase"]
[SourceDate "1994.02.01"]
[SourceVersion "1"]
[SourceVersionDate "1994.02.01"]
[SourceQuality "1"]

1. e4 {Ernst Kortschnoj} e5 2. Nf3 Nc6 3. Bb5 a6 4. Ba4 Nf6 5. O-O Be7 6. Re1
b5 7. Bb3 O-O 8. c3 d6 9. h3 Be6 10. d4 Bxb3 11. axb3 exd4 12. cxd4 d5 (12...
Nb4 {Ernst} 13. Nc3 $14) 13. e5 Ne4 14. Nc3 f5 (14... Bb4 $2 15. Nxe4 $1 Bxe1
16. Neg5 h6 17. Qc2 hxg5 18. Nxg5 g6 19. Qxc6 Bb4 20. e6 $1 $40 {Cifuentes
Parada}) 15. exf6 Nxf6 (15... Bxf6 {This is the sharpest try Black has, but
these days it is thought that White can just win the pawn safely.} 16. Nxe4
dxe4 17. Rxe4 Qd5 18. Rg4 Ne7 (18... Nb4 {Ernst} 19. Bg5 Rad8 20. Qd2 c5 21.
Qc3 $16 {Howell,J-Bjornsson,T/Reykjavik op/1990/}) 19. Bh6 $1 Nf5 (19... Kh8
20. Bg5 h5 21. Rh4) 20. Bg5 Bxg5 (20... h5 21. Rf4 Bxg5 22. Nxg5 Nxd4 23. Rxf8+
Rxf8 $8 24. Qxh5 Qf5 25. Rd1 $1 Ne2+ 26. Kh1 $1 $16 {van der Wiel}) 21. Rxg5 h6
22. Rg4 $16 {van der Wiel-Beliavsky, Amsterdam 1989}) 16. Bg5 $1 {The most
accurate move. For the analysis which follows of Black's 16th move, I have
copied the work of O.Efimov, whom I think has done an excellent job.} (16. Ng5
{Kortschnoj} Qd7 17. Ne6 Rfe8 18. Bf4 Bd6 $10) 16... Nb4 $2 (16... b4 17. Bxf6
Rxf6 18. Na4 $16) (16... Qd6 17. Qe2 $1 $16 {/\ Qe6}) (16... h6 17. Bh4 $1 (17.
Ne5 $2 Nxe5 18. Bxf6 Nf3+ $1 19. Qxf3 Bxf6 20. Nxd5 Bh4 $1 (20... Bxd4 $2 21.
Ne7+ $18) 21. Qe4 Bxf2+ 22. Kh1 Bxe1 23. Ne7+ Kh8 24. Ng6+ Kg8 25. Nxf8 Qxf8
26. Rxe1 Kh8 $10) 17... Nh5 18. Bxe7 Nxe7 19. g3) (16... Qd7 $2 {Kortschnoj}
17. Ne5 Nxe5 18. dxe5 $18) (16... Re8 {Kortschnoj} 17. Bxf6 Bxf6 18. Rxe8+ Qxe8
19. Nxd5) (16... Qd6 $5 {Kortschnoj}) (16... Kh8 $5 {Kortschnoj}) 17. Nxb5 $1
$16 h6 $146 (17... Qd7 18. Nc3 Bd6 19. Re3 h6 20. Bxf6 Rxf6 21. Ra5 $16 {
Ivanchuk,V-Serper,G Irkutsk 1986}) (17... axb5 18. Rxa8 Qxa8 19. Rxe7 $16) 18.
Bh4 (18. Bxf6 Bxf6 19. Nc3 $16) 18... Qd7 19. Nc3 Bd6 20. Qb1 (20. Ne5 {
Kortschnoj} Qf5 $132) (20. Na2 $5 {Kortschnoj}) 20... Nh5 21. Ne5 $1 Bxe5 22.
Rxe5 Nf4 (22... g5 23. Qg6+ Ng7 24. Bg3 $18) 23. Bg3 Nc6 (23... Nfd3 24. Re3
Qf5 25. Ra5 c6 26. Na2 $1 $16) 24. Bxf4 Rxf4 25. Rxd5 Qf7 26. Qf1 Nb4 (26...
Rf8 {Kortschnoj} 27. Qc4 $1 (27. f3 Nxd4 {/\ Nd4-/+}) 27... Rxf2 28. Rc5 $14)
27. Rc5 Rxd4 28. Rd1 Rxd1 29. Qxd1 Re8 30. Rc4 a5 31. Rc5 (31. Re4 $16 {
Kortschnoj}) (31. Re4 $1 $14 {Ernst}) 31... c6 32. Rxa5 Nd3 33. Qxd3 $2 (33.
Ne4 $1 $16 {Fritz, of course.} Qc7 $140 34. Qh5 $1 {And again, Fritz!} Rxe4 (
34... Rb8 35. Rf5 $40) 35. Ra8+ Kh7 36. Qf5+ $18) 33... Re1+ 34. Kh2 Qc7+ 35.
g3 Qxa5 36. Qc4+ Kh7 37. Qxc6 Qf5 38. Qg2 Qd3 39. h4 Re5 40. b4 Qc4 41. b5 Qc5
1/2-1/2

[Event "Olympiad-29"]
[Site "Novi Sad"]
[Date "1990.11.20"]
[Round "4"]
[White "Brunner, Lucas"]
[Black "Granda Zuniga, Julio E"]
[Result "1-0"]
[WhiteElo "2475"]
[BlackElo "2485"]
[Annotator "Zueger,B"]
[PlyCount "63"]
[EventDate "1990.11.17"]
[EventType "team-swiss"]
[EventRounds "14"]
[EventCountry "YUG"]
[SourceTitle "TD"]
[Source "ChessBase"]
[SourceDate "1994.03.01"]
[SourceVersion "1"]
[SourceVersionDate "1994.03.01"]
[SourceQuality "1"]
[WhiteTeam "Switzerland"]
[BlackTeam "Peru"]
[WhiteTeamCountry "SUI"]
[BlackTeamCountry "PER"]

1. e4 e5 2. Nf3 Nc6 3. Bb5 a6 4. Ba4 Nf6 5. O-O Be7 6. Re1 b5 7. Bb3 d6 8. c3
O-O 9. h3 Bb7 10. d4 Nd7 $5 (10... Re8) 11. Be3 (11. Nbd2 exd4 12. cxd4 $14 {
Ehlvest-Karpov, URS (ch) 1988}) 11... Na5 12. Bc2 Nc4 13. Bc1 c5 14. b3 Ncb6
15. Be3 Re8 (15... exd4 16. cxd4 Bf6 17. Nbd2 Re8 $10) 16. Nbd2 Bf8 (16... exd4
$142 17. cxd4 Bf6 $10) 17. a4 $1 {P 18.a5 c8 19.d5, 20.b4 []R} exd4 18. cxd4
cxd4 19. Bxd4 $1 (19. Nxd4 $10) 19... Nc5 (19... bxa4 20. bxa4 Nc5 21. Bxc5 (
21. Qb1 $5 {P 22. c5 dc5 23.a5}) 21... dxc5 22. a5 {P c4}) 20. axb5 axb5 21.
Rxa8 Bxa8 (21... Qxa8 22. Qb1 $14 {P 23.b4, 24. d3}) 22. Qb1 $1 Ne6 (22... d5
$2 23. exd5 {<->h7}) 23. Ba1 Nf4 (23... Nd7 $142) 24. Nf1 Nd7 25. Qc1 $1 Ng6
26. Nd4 {P f5} Qb6 $2 (26... Nc5 27. Ng3 d5 $14) 27. Ng3 Qb7 $6 (27... d5 $142)
28. Ndf5 {P 29. h5 de5 30.f4} d5 $2 {[#]} 29. Bxg7 $1 Bxg7 (29... dxe4 30. Bxf8
e3 31. f3 $18) 30. Nxg7 Kxg7 31. Nf5+ Kh8 (31... Kf6 32. Nd6 Qb8 33. Nxe8+ Qxe8
34. Qa1+ (34. exd5 $5 {P a1}) 34... Nde5 35. exd5 {P 36. g6, 37.f4}) 32. Qh6 {
P 32... g8 33. d6} 1-0